000 00515nam a2200169 4500
999 _c12361
_d12361
008 210129b ||||| |||| 00| 0 eng d
041 _ahin
082 0 0 _a891.43
_bV522
100 _94519
_aVerma, Surendra
245 1 0 _aMujhe chand chahiye /
_cby Surendra Verma
245 1 0 _aमुझे चाँद चाहिए /
_cसुरेंद्र वर्मा
260 _a[s.l.]
_bRadhakrishna Prakashan
_c?
300 _a.
365 _aRs
_b250.00
_dRs.250.00
650 0 _aHindi fiction
942 _2ddc
_cBK